000 00607nam a2200193 i 4500
001 26026
003 ES-MaACL
005 20230906153356.0
007 t|
008 030107s1968 sp ||||1| spa d
100 1 _aArteche, José de.
_923442
245 1 0 _aDe Berceo a Carlos Santamaría /
_cJosé de Arteche.
260 _aSan Sebastián :
_bSociedad Guipuzcoana de Ediciones y Publicaciones,
_c[1968]
300 _a264 p. ;
_c19 cm.
490 1 _aColección "Hombres del país"
830 0 _aColección "Hombres del país"
_9228830
852 _aES-MaACL
_jC-50794
_bR.68270
999 _c26026
_d26026